00627nam a2200181 a 450000100100000000500170001000800410002702000150006804000250008310000250010824500510013326000520018430000210023649000290025783000360028695201060032299900170042800003655320200930075808.0120120s1974 sp 000 0 spa d a8436101138 aDO-SdBNPbspacBNPHU1 aQueen, Ellery96281214aLas aventuras de Ellery Gueen /cellery Queen. aBarcelona, España :bEdiciones Picazo,c1974. a312 p. ;c19 cm.1 aColección Polismenv26 0aColección Polismenv26962813 0010507-18MOaGRbGRcOId2012-01-20iLF1l0o p36553-10r2020-06-25w2020-06-25y1ZNo se presta c36044d36044